Analýza kategoriálních dat
Salvato in:
| Autore principale: | |
|---|---|
| Ente Autore: | |
| Natura: | Libro |
| Lingua: | ceco |
| Pubblicazione: |
Praha
Vysoká škola ekonomická. Nakladatelství Oeconomica
2005
|
| Soggetti: | |
| Tags: |
Nessun Tag, puoi essere il primo ad aggiungerne!!
|
MARC
| LEADER | 00000nam$a2200000$$$4500 | ||
|---|---|---|---|
| 001 | 0043681 | ||
| 005 | 20221129082401.0 | ||
| 020 | |a 80-245-0926-1 | ||
| 041 | 0 | |a cze | |
| 044 | |a CZ | ||
| 245 | 1 | 0 | |a Analýza kategoriálních dat |c Hana Řezanková |
| 264 | 1 | |a Praha |b Vysoká škola ekonomická. Nakladatelství Oeconomica |c 2005 | |
| 300 | |a 99 s. | ||
| 610 | 2 | 0 | |a štatistika |
| 610 | 2 | 0 | |a metódy štatistické |
| 610 | 2 | 0 | |a programy počítačové |
| 610 | 2 | 0 | |a softvér |
| 610 | 2 | 0 | |a analýza štatistická |
| 610 | 2 | 0 | |a odhad štatistický |
| 610 | 2 | 0 | |a testy |
| 100 | 1 | |a Řezanková, Hana | |
| 710 | 2 | |a Vysoká škola ekonomická v Praze. Fakulta informatiky a statistiky | |